Transparentnosť a modifikácia oceňovacích metód - predpoklad objektivizácie hodnotových vzťahov v ekonomike
Problematika oceňovania majetku (výkonov) v podniku. Chápanie podniku. Zisťovanie objektívnej hodnoty podniku a jej definícia. Nové prístupy v oceňovaní podnikov. Kritéria oceňovania - determinanty pre správne ocenenie podnikov.
Uložené v:
| Hlavný autor: | |
|---|---|
| Ďalší autori: | |
| Médium: | Kapitola |
| Jazyk: | Slovak |
| Predmet: | |
| Tagy: |
Žiadne tagy, Buďte prvý, kto otaguje tento záznam!
|
MARC
| LEADER | 00000naa$a2200000$$$4500 | ||
|---|---|---|---|
| 001 | 0004363 | ||
| 005 | 20231005082642.5 | ||
| 041 | 0 | |a slo | |
| 044 | |a SK | ||
| 245 | 1 | 0 | |a Transparentnosť a modifikácia oceňovacích metód - predpoklad objektivizácie hodnotových vzťahov v ekonomike |c Mária Vépyová, Ladislav Kareš |
| 520 | |a Problematika oceňovania majetku (výkonov) v podniku. Chápanie podniku. Zisťovanie objektívnej hodnoty podniku a jej definícia. Nové prístupy v oceňovaní podnikov. Kritéria oceňovania - determinanty pre správne ocenenie podnikov. | ||
| 610 | 2 | 0 | |a oceňovanie |
| 610 | 2 | 0 | |a podnik |
| 610 | 2 | 0 | |a výkony podnikové |
| 610 | 2 | 0 | |a hodnota podniku |
| 610 | 2 | 0 | |a metódy |
| 100 | 1 | |a Vépyová, Mária | |
| 700 | 1 | |a Kareš, Ladislav | |